Datum a čas kvízu
24.5
Celkem bodů
Celkový počet nahraných bodů na tomto kvízu bez doplňovacích otázek.
3.
Pořadí na kvízu
Konečné umístění týmu na tomto kvízu.
Zaznamenané odpovědi
| # | Otázka | Odpověď | Body | Výsledky |
|---|---|---|---|---|
| 1. | Automobilka Škoda v minulém tý... | Laurin & Klement Kampus | 1 | |
| 2. | Papež František schválil svato... | Boží influencer | 0 | |
| 3. | V minulém týdnu česká média in... | Jeremy Clarkson | 1 | |
| 4. | Vermontská státní univerzita u... | kočkou (kocourem) | 0 | |
| 5. | Který klub, jenž byl ještě ned... | Příbram | 0 | |
| 6. | Jak se nazývají dva nejdůležit... | Franská říše, Byzantská (Východořímská) říše | 0 | |
| 7. | Jak se jmenoval významný střed... | Vilém I. Dobyvatel | 0 | |
| 8. | Kdo byl zakladatelem a prvním... | Bořivoj | 0 | |
| 9. | Vytvořte z těchto středověkých... | 1A 2C 3D 4B | 0 | |
| 10. | Závěrem tématu se podíváme na... | tulipán | 0 |